Komentár k zákonu NR SR o prídavkoch na deti a o príplatku k prídavkom na deti

Odborný komentár k nasledovným paragrafom zákona NR SR č.193/1994 Z.z. o prídavkoch na deti a o príplatku k prídavkom na deti: paragraf 4 Nezaopatrenosť dieťaťa, paragraf 5 Sústavná príprava dieťaťa na budúce povolanie a paragraf 6 Výška prídavkov na deti pri jednotlivých hraniciach príjmu, príklady...

Ausführliche Beschreibung

Gespeichert in:
Bibliographische Detailangaben
1. Verfasser: Štefanovová, M.
Weitere Verfasser: Škodová, M., Nováček, Zdenko
Format: Buchkapitel
Sprache:Slowakisch
Schlagworte:
Tags: Tag hinzufügen
Keine Tags, Fügen Sie das erste Tag hinzu!

MARC

LEADER 00000naa a2200000 4500
001 r024192
005 20221213113749.6
041 0 |a slo 
044 |a SK 
245 1 0 |a Komentár k zákonu NR SR o prídavkoch na deti a o príplatku k prídavkom na deti  |c M. Štefanovová, M. Škodová, Zdenko Nováček 
520 |a Odborný komentár k nasledovným paragrafom zákona NR SR č.193/1994 Z.z. o prídavkoch na deti a o príplatku k prídavkom na deti: paragraf 4 Nezaopatrenosť dieťaťa, paragraf 5 Sústavná príprava dieťaťa na budúce povolanie a paragraf 6 Výška prídavkov na deti pri jednotlivých hraniciach príjmu, príklady. 
610 2 0 |a prídavky na deti 
610 2 0 |a príplatky 
610 2 0 |a zákony 
610 2 0 |a komentáre 
610 2 0 |a Slovensko 
610 2 0 |a 1994 
100 1 |a Štefanovová, M. 
700 1 |a Škodová, M. 
700 1 |a Nováček, Zdenko